00461cam a2200169ua 45000010005000000080039000050400009000440410008000530820011000611000024000722450081000962500009001772600030001863000010002166530044002266530021002708066150108n ii |||gr||||Z||||||hin cMAIN ahin a891.43 aSingh, V.,eAuthor.1 aHindi sahitya ka samikhyatmak itihas : bAdhunik kal / cBy Vasudev Singh .  a1st. aVaranasi:bSanjay,c1983. a255p. aEast Indo-European & Celtic literatures aHindi literature